| 000 | 00379nab a22001097u 4500 | ||
|---|---|---|---|
| 008 | 130520b1986 xxu||||| |||| 00| 0 ita d | ||
| 041 | _aita | ||
| 100 | 1 |
_aBetti, Umberto _912677 |
|
| 245 | 0 | 0 |
_aChiesa di Cristo e Chiesa Cattolica. A proposito di un'espressione della "Lumen Gentium" _cUmberto Betti |
| 773 | 0 |
_tAntonianum _gV.61,1986,págs. 726-745 _x0003-6064 _wRev37 |
|
| 942 | _cAR | ||
| 999 |
_c329099 _d329099 |
||